[Event "European Online Club-ch-F 2021"]
[Site "Online"]
[Date "2021.03.27"]
[Round "5.15"]
[White "Reizniece-Ozola, Dana"]
[Black "Stolyarsky, Yegor"]
[Result "1-0"]
[WhiteElo "2279"]
[BlackElo "2063"]
[Annotator "NA"]
[PlyCount "85"]
[EventDate "2021.03.27"]
[EventType "team-tourn"]
[EventCountry "NET"]
[SourceTitle "playchess.com"]
[Source "ChessBase"]
[SourceQuality "1"]
[TimeControl "900+5"]

1. c4 {[%emt 0:00:00]} Nf6 {[%emt 0:00:18]} 2. g3 {[%emt 0:00:08]} g6 {[%emt 0:00:02]} 3. Bg2 {[%emt 0:00:03]} Bg7 {[%emt 0:00:01]} 4. Nf3 {[%emt 0:00:05]} O-O {[%emt 0:00:05]} 5. O-O {[%emt 0:00:03]} d6 {[%emt 0:00:01]} 6. Nc3 {[%emt 0:00:03]} c6 {[%emt 0:00:02]} 7. d4 {[%emt 0:00:07]} Bf5 {[%emt 0:00:01]} 8. h3 {[%emt 0:00:13]} Ne4 {[%emt 0:00:04]} 9. Nd2 {[%emt 0:01:50]} Nxd2 {[%emt 0:01:05]} 10. Qxd2 {[%emt 0:00:05]} Na6 {[%emt 0:00:11]} 11. b3 {[%emt 0:00:31]} e5 {[%emt 0:00:43]} 12. d5 {[%emt 0:00:45]} Rc8 {[%emt 0:00:55]} 13. Bb2 {[%emt 0:00:32]} Qe7 {[%emt 0:00:31]} 14. Rad1 {[%emt 0:00:17]} Rfd8 {[%emt 0:00:11]} 15. g4 {[%emt 0:01:17]} Bd7 {[%emt 0:00:04]} 16. dxc6 {[%emt 0:00:03]} Bxc6 {[%emt 0:00:01]} 17. Nd5 {[%emt 0:00:02]} Bxd5 {[%emt 0:00:38]} 18. Bxd5 {[%emt 0:00:26]} Nc5 {[%emt 0:00:03]} 19. e3 {[%emt 0:01:11]} Qh4 {[%emt 0:00:39]} 20. Bg2 {[%emt 0:00:03]} h5 {[%emt 0:00:23]} 21. Qe2 {[%emt 0:00:11]} hxg4 {[%emt 0:00:27]} 22. Qxg4 {[%emt 0:00:09]} Qxg4 {[%emt 0:00:01]} 23. hxg4 {[%emt 0:00:19]} Kf8 {[%emt 0:00:49]} 24. Rd5 {[%emt 0:00:13]} Ke7 {[%emt 0:01:04]} 25. Rfd1 {[%emt 0:00:03]} a5 {[%emt 0:00:18]} 26. f4 {[%emt 0:00:21]} Ne6 {[%emt 0:01:16]} 27. Rxa5 {[%emt 0:00:32]} Ra8 {[%emt 0:00:35]} 28. Rxa8 {[%emt 0:02:04]} Rxa8 {[%emt 0:00:00]} 29. fxe5 {[%emt 0:00:23]} dxe5 {[%emt 0:00:40]} 30. a4 {[%emt 0:00:05]} Rb8 {[%emt 0:00:21]} 31. Ba3+ {[%emt 0:00:28]} Ke8 {[%emt 0:00:08]} 32. Bd6 {[%emt 0:00:21]} Rd8 {[%emt 0:00:23]} 33. Bxb7 {[%emt 0:00:04]} f5 {[%emt 0:00:06]} 34. gxf5 {[%emt 0:00:16]} gxf5 {[%emt 0:00:14]} 35. b4 {[%emt 0:00:26]} Bh6 {[%emt 0:00:40]} 36. Kf2 {[%emt 0:00:15]} f4 {[%emt 0:00:11]} 37. exf4 {[%emt 0:00:21]} Bxf4 {[%emt 0:00:12]} 38. c5 {[%emt 0:00:15]} Kf7 {[%emt 0:00:35]} 39. a5 {[%emt 0:00:32]} Rh8 {[%emt 0:00:19]} 40. Rh1 {[%emt 0:00:18]} Rg8 {[%emt 0:01:28]} 41. a6 {[%emt 0:00:23]} Bg3+ {[%emt 0:00:12]} 42. Kf1 {[%emt 0:00:07]} Rg4 {[%emt 0:00:31]} 43. a7 {[%emt 0:00:06]} 1-0

[Event "European Online Club-ch-F 2021"]
[Site "Online"]
[Date "2021.03.27"]
[Round "5.16"]
[White "Gleizer, Adar"]
[Black "Grandell, Anders"]
[Result "1/2-1/2"]
[WhiteElo "1833"]
[BlackElo "2296"]
[Annotator "NA"]
[PlyCount "113"]
[EventDate "2021.03.27"]
[EventType "team-tourn"]
[EventCountry "NET"]
[SourceTitle "playchess.com"]
[Source "ChessBase"]
[SourceQuality "1"]
[TimeControl "900+5"]

1. e4 {[%emt 0:00:00]} c5 {[%emt 0:00:04]} 2. Nf3 {[%emt 0:00:06]} g6 {[%emt 0:00:07]} 3. c4 {[%emt 0:00:04]} Nc6 {[%emt 0:00:06]} 4. d4 {[%emt 0:00:06]} cxd4 {[%emt 0:00:00]} 5. Nxd4 {[%emt 0:00:01]} Nf6 {[%emt 0:00:05]} 6. Nc3 {[%emt 0:00:02]} d6 {[%emt 0:00:01]} 7. Be2 {[%emt 0:00:20]} Nxd4 {[%emt 0:00:03]} 8. Qxd4 {[%emt 0:00:02]} Bg7 {[%emt 0:00:01]} 9. Be3 {[%emt 0:00:08]} O-O {[%emt 0:00:01]} 10. Qd2 {[%emt 0:00:30]} Be6 {[%emt 0:00:03]} 11. O-O {[%emt 0:00:18]} Qa5 {[%emt 0:00:07]} 12. f3 {[%emt 0:00:23]} Rfc8 {[%emt 0:00:11]} 13. Nd5 {[%emt 0:00:35]} Qxd2 {[%emt 0:00:09]} 14. Bxd2 {[%emt 0:00:04]} Bxd5 {[%emt 0:00:14]} 15. exd5 {[%emt 0:00:38]} b5 {[%emt 0:01:15]} 16. Rac1 {[%emt 0:00:57]} bxc4 {[%emt 0:00:24]} 17. Bxc4 {[%emt 0:00:03]} Rab8 {[%emt 0:00:40]} 18. Bb3 {[%emt 0:01:05]} Nd7 {[%emt 0:00:11]} 19. Rxc8+ {[%emt 0:00:41]} Rxc8 {[%emt 0:00:03]} 20. Rc1 {[%emt 0:00:12]} Rxc1+ {[%emt 0:00:13]} 21. Bxc1 {[%emt 0:00:02]} Bd4+ {[%emt 0:00:31]} 22. Kf1 {[%emt 0:00:06]} Nb6 {[%emt 0:00:18]} 23. Ke2 {[%emt 0:00:38]} Kg7 {[%emt 0:00:05]} 24. Kd3 {[%emt 0:00:08]} Bg1 {[%emt 0:00:06]} 25. h3 {[%emt 0:00:15]} f5 {[%emt 0:00:05]} 26. Be3 {[%emt 0:00:09]} Bxe3 {[%emt 0:00:14]} 27. Kxe3 {[%emt 0:00:01]} Kf6 {[%emt 0:00:01]} 28. f4 {[%emt 0:00:12]} g5 {[%emt 0:01:26]} 29. g3 {[%emt 0:00:42]} Nd7 {[%emt 0:00:28]} 30. Bc2 {[%emt 0:00:36]} h6 {[%emt 0:01:25]} 31. b4 {[%emt 0:00:15]} h5 {[%emt 0:01:54]} 32. a4 {[%emt 0:01:33]} Nf8 {[%emt 0:02:44]} 33. a5 {[%emt 0:00:44]} e6 {[%emt 0:01:13]} 34. b5 {[%emt 0:00:10]} exd5 {[%emt 0:00:42]} 35. b6 {[%emt 0:00:03]} axb6 {[%emt 0:00:02]} 36. a6 {[%emt 0:00:44]} Ne6 {[%emt 0:00:03]} 37. a7 {[%emt 0:00:02]} Nc7 {[%emt 0:00:02]} 38. Ba4 {[%emt 0:00:22]} h4 {[%emt 0:00:25]} 39. gxh4 {[%emt 0:01:20]} gxf4+ {[%emt 0:00:06]} 40. Kxf4 {[%emt 0:00:01]} d4 {[%emt 0:00:04]} 41. Bc6 {[%emt 0:00:20]} Kg6 {[%emt 0:00:50]} 42. a8=Q {[%emt 0:01:21]} Nxa8 {[%emt 0:00:07]} 43. Bxa8 {[%emt 0:00:03]} b5 {[%emt 0:00:06]} 44. Bc6 {[%emt 0:00:47]} b4 {[%emt 0:00:02]} 45. Bd7 {[%emt 0:00:05]} b3 {[%emt 0:00:08]} 46. Bxf5+ {[%emt 0:00:06]} Kh5 {[%emt 0:00:10]} 47. Kg3 {[%emt 0:00:04]} b2 {[%emt 0:00:02]} 48. Bd3 {[%emt 0:00:11]} Kh6 {[%emt 0:00:02]} 49. Kg4 {[%emt 0:00:04]} Kg7 {[%emt 0:00:11]} 50. Kg5 {[%emt 0:00:03]} Kh8 {[%emt 0:00:04]} 51. Kg6 {[%emt 0:00:07]} Kg8 {[%emt 0:00:01]} 52. h5 {[%emt 0:00:02]} Kh8 {[%emt 0:00:02]} 53. Kf7 {[%emt 0:00:51]} d5 {[%emt 0:00:04]} 54. Kf8 {[%emt 0:00:06]} b1=Q {[%emt 0:00:02]} 55. Bxb1 {[%emt 0:00:02]} d3 {[%emt 0:00:01]} 56. Bxd3 {[%emt 0:00:02]} d4 {[%emt 0:00:01]} 57. Kf7 {[%emt 0:00:28]} 1/2-1/2

[Event "European Online Club-ch-F 2021"]
[Site "Online"]
[Date "2021.03.27"]
[Round "5.17"]
[White "Sochacki, Christophe"]
[Black "Isik, Alparslan"]
[Result "1-0"]
[WhiteElo "2477"]
[BlackElo "2321"]
[Annotator "ChessBase"]
[PlyCount "117"]
[EventDate "2021.03.27"]
[EventType "team-tourn"]
[EventCountry "NET"]
[SourceTitle "playchess.com"]
[Source "ChessBase"]
[SourceQuality "1"]
[TimeControl "900+5"]

1. d4 {[%emt 0:00:00]} Nf6 {[%emt 0:00:04]} 2. Nc3 {[%emt 0:00:02]} d5 {[%emt 0:00:02]} 3. Bf4 {[%emt 0:00:02]} e6 {[%emt 0:00:09]} 4. Nf3 {[%emt 0:00:30]} a6 {[%emt 0:00:14]} 5. e3 {[%emt 0:00:24]} c5 {[%emt 0:00:03]} 6. Ne5 {[%emt 0:00:12]} b5 {[%emt 0:00:10]} 7. g4 {[%emt 0:01:06]} Bb7 {[%emt 0:00:15]} 8. Bg2 {[%emt 0:00:04]} Nc6 {[%emt 0:00:05]} 9. h4 {[%emt 0:01:32]} Be7 {[%emt 0:00:16]} 10. g5 {[%emt 0:00:06]} Nd7 {[%emt 0:00:03]} 11. Qh5 {[%emt 0:01:30]} Ndxe5 {[%emt 0:00:34]} 12. dxe5 {[%emt 0:00:01]} b4 {[%emt 0:02:28]} 13. Ne2 {[%emt 0:00:03]} O-O {[%emt 0:00:39]} 14. Qg4 {[%emt 0:01:11]} Qc7 {[%emt 0:00:08]} 15. Qg3 {[%emt 0:01:23]} d4 {[%emt 0:01:48]} 16. h5 {[%emt 0:00:15]} Na5 {[%emt 0:01:57]} 17. g6 {[%emt 0:00:51]} Bxg2 {[%emt 0:00:14]} 18. gxh7+ {[%emt 0:00:14]} Kxh7 {[%emt 0:00:51]} 19. Qxg2 {[%emt 0:00:02]} Qc6 {[%emt 0:00:29]} 20. e4 {[%emt 0:00:08]} Rad8 {[%emt 0:00:08]} 21. O-O-O {[%emt 0:00:29]} Kh8 {[%emt 0:02:38]} 22. Rdg1 {[%emt 0:01:39]} Rg8 {[%emt 0:00:04]} 23. Bd2 {[%emt 0:00:42]} d3 {[%emt 0:01:37]} 24. cxd3 {[%emt 0:02:21]} Qa4 {[%emt 0:00:09]} 25. Kb1 {[%emt 0:00:14]} Rxd3 {[%emt 0:00:12]} 26. Bh6 {[%emt 0:00:27]} Nc4 {[%emt 0:00:52]} 27. Nc1 {[%emt 0:01:04]} b3 {[%emt 0:00:51]} 28. a3 {[%emt 0:00:31]} Nxa3+ {[%emt 0:00:04]} 29. bxa3 {[%emt 0:00:01]} Qxa3 {[%emt 0:00:01]} 30. f3 {[%emt 0:00:08]} Rc3 {[%emt 0:00:05]} 31. Qb2 {[%emt 0:00:08]} Qxb2+ {[%emt 0:00:07]} 32. Kxb2 {[%emt 0:00:01]} Rxf3 {[%emt 0:00:01]} 33. Bd2 {[%emt 0:00:02]} c4 {[%emt 0:00:02]} 34. Rf1 {[%emt 0:00:15]} Rxf1 {[%emt 0:00:15]} 35. Rxf1 {[%emt 0:00:01]} Rd8 {[%emt 0:00:02]} 36. Ba5 {[%emt 0:00:12]} Rd7 {[%emt 0:00:08]} 37. Ne2 {[%emt 0:00:04]} Bc5 {[%emt 0:00:07]} 38. Kc3 {[%emt 0:00:05]} Rb7 {[%emt 0:00:11]} 39. Kxc4 {[%emt 0:00:03]} b2 {[%emt 0:00:01]} 40. Nc3 {[%emt 0:00:03]} Be3 {[%emt 0:00:08]} 41. Rb1 {[%emt 0:00:07]} Bc1 {[%emt 0:00:05]} 42. Na4 {[%emt 0:00:06]} Rb8 {[%emt 0:00:06]} 43. Bc3 {[%emt 0:00:02]} Rc8+ {[%emt 0:00:03]} 44. Kd3 {[%emt 0:00:04]} Rd8+ {[%emt 0:00:07]} 45. Kc2 {[%emt 0:00:02]} Kh7 {[%emt 0:00:06]} 46. Nxb2 {[%emt 0:00:05]} Bg5 {[%emt 0:00:04]} 47. Ra1 {[%emt 0:00:09]} Ra8 {[%emt 0:00:04]} 48. Rf1 {[%emt 0:00:07]} Ra7 {[%emt 0:00:02]} 49. Bd4 {[%emt 0:00:05]} Rc7+ {[%emt 0:00:02]} 50. Kd3 {[%emt 0:00:01]} Kh6 {[%emt 0:00:02]} 51. Nc4 {[%emt 0:00:03]} Kxh5 {[%emt 0:00:09]} 52. Ra1 {[%emt 0:00:06]} Rc6 {[%emt 0:00:08]} 53. Bb6 {[%emt 0:00:02]} Bf4 {[%emt 0:00:09]} 54. Rxa6 {[%emt 0:00:03]} g5 {[%emt 0:00:02]} 55. Ra7 {[%emt 0:00:05]} Kg6 {[%emt 0:00:06]} 56. Rc7 {[%emt 0:00:20]} Rxc7 {[%emt 0:00:05]} 57. Bxc7 {[%emt 0:00:01]} f6 {[%emt 0:00:05]} 58. Ke2 {[%emt 0:00:06]} g4 {[%emt 0:00:02]} 59. Kf2 {[%emt 0:00:05]} 1-0

[Event "European Online Club-ch-F 2021"]
[Site "Online"]
[Date "2021.03.27"]
[Round "5.18"]
[White "Karaoglan, Doruk"]
[Black "Maatoug, Redwan"]
[Result "1/2-1/2"]
[WhiteElo "2230"]
[BlackElo "2202"]
[Annotator "NA"]
[PlyCount "132"]
[EventDate "2021.03.27"]
[EventType "team-tourn"]
[EventCountry "NET"]
[SourceTitle "playchess.com"]
[Source "ChessBase"]
[SourceQuality "1"]
[TimeControl "900+5"]

1. e4 {[%emt 0:00:00]} c5 {[%emt 0:00:05]} 2. Nc3 {[%emt 0:00:04]} Nc6 {[%emt 0:00:08]} 3. g3 {[%emt 0:00:03]} g6 {[%emt 0:00:02]} 4. Bg2 {[%emt 0:00:03]} Bg7 {[%emt 0:00:02]} 5. d3 {[%emt 0:00:03]} d6 {[%emt 0:00:09]} 6. f4 {[%emt 0:00:13]} Nf6 {[%emt 0:00:56]} 7. Nf3 {[%emt 0:00:13]} O-O {[%emt 0:00:02]} 8. O-O {[%emt 0:00:03]} Rb8 {[%emt 0:00:01]} 9. h3 {[%emt 0:00:05]} b5 {[%emt 0:00:11]} 10. g4 {[%emt 0:00:03]} b4 {[%emt 0:01:30]} 11. Ne2 {[%emt 0:00:03]} c4 {[%emt 0:00:28]} 12. Be3 {[%emt 0:01:30]} cxd3 {[%emt 0:01:04]} 13. cxd3 {[%emt 0:00:03]} Bb7 {[%emt 0:01:46]} 14. Ng3 {[%emt 0:01:30]} Nd7 {[%emt 0:01:08]} 15. d4 {[%emt 0:01:25]} e5 {[%emt 0:00:21]} 16. d5 {[%emt 0:04:13]} Na5 {[%emt 0:00:03]} 17. f5 {[%emt 0:00:03]} Nc4 {[%emt 0:00:22]} 18. Bc1 {[%emt 0:00:07]} Qb6+ {[%emt 0:00:18]} 19. Rf2 {[%emt 0:00:42]} Ne3 {[%emt 0:01:12]} 20. Qe2 {[%emt 0:00:18]} Nxg2 {[%emt 0:00:08]} 21. Kxg2 {[%emt 0:00:02]} Ba6 {[%emt 0:00:04]} 22. Qd1 {[%emt 0:00:53]} Nc5 {[%emt 0:00:16]} 23. Ne1 {[%emt 0:00:31]} Rfc8 {[%emt 0:00:59]} 24. Be3 {[%emt 0:00:12]} Qb5 {[%emt 0:00:08]} 25. Qf3 {[%emt 0:00:20]} Rc7 {[%emt 0:00:05]} 26. h4 {[%emt 0:00:47]} Nd3 {[%emt 0:00:23]} 27. Nxd3 {[%emt 0:00:03]} Qxd3 {[%emt 0:00:02]} 28. Rd1 {[%emt 0:00:12]} Qb5 {[%emt 0:00:21]} 29. h5 {[%emt 0:00:07]} b3 {[%emt 0:00:28]} 30. a3 {[%emt 0:01:39]} Rc2 {[%emt 0:00:18]} 31. hxg6 {[%emt 0:00:03]} Rxf2+ {[%emt 0:00:12]} 32. Qxf2 {[%emt 0:00:36]} hxg6 {[%emt 0:00:05]} 33. f6 {[%emt 0:00:09]} Bf8 {[%emt 0:00:57]} 34. Kf3 {[%emt 0:00:39]} Rc8 {[%emt 0:00:41]} 35. Rd2 {[%emt 0:00:30]} Rc2 {[%emt 0:01:50]} 36. Rxc2 {[%emt 0:00:13]} bxc2 {[%emt 0:00:05]} 37. Qxc2 {[%emt 0:00:01]} Bb7 {[%emt 0:00:09]} 38. Bxa7 {[%emt 0:00:14]} Bh6 {[%emt 0:00:25]} 39. Be3 {[%emt 0:00:08]} Bxe3 {[%emt 0:00:20]} 40. Kxe3 {[%emt 0:00:02]} Qb6+ {[%emt 0:00:01]} 41. Kf3 {[%emt 0:00:01]} Qd4 {[%emt 0:00:08]} 42. Ne2 {[%emt 0:00:13]} Qb6 {[%emt 0:00:07]} 43. Nc3 {[%emt 0:00:06]} Qg1 {[%emt 0:00:04]} 44. Qf2 {[%emt 0:00:01]} Qh1+ {[%emt 0:00:08]} 45. Kg3 {[%emt 0:00:02]} Bc8 {[%emt 0:00:08]} 46. a4 {[%emt 0:00:07]} Qa1 {[%emt 0:00:12]} 47. Qd2 {[%emt 0:00:08]} Qg1+ {[%emt 0:00:02]} 48. Qg2 {[%emt 0:00:04]} Qe3+ {[%emt 0:00:04]} 49. Qf3 {[%emt 0:00:02]} Qg1+ {[%emt 0:00:02]} 50. Qg2 {[%emt 0:00:01]} Qe3+ {[%emt 0:00:02]} 51. Kh2 {[%emt 0:00:01]} Qh6+ {[%emt 0:00:09]} 52. Qh3 {[%emt 0:00:16]} Qd2+ {[%emt 0:00:06]} 53. Kg1 {[%emt 0:00:04]} Qe1+ {[%emt 0:00:09]} 54. Qf1 {[%emt 0:00:04]} Qg3+ {[%emt 0:00:07]} 55. Qg2 {[%emt 0:00:03]} Qe1+ {[%emt 0:00:02]} 56. Kh2 {[%emt 0:00:03]} Qh4+ {[%emt 0:00:02]} 57. Qh3 {[%emt 0:00:02]} Qf2+ {[%emt 0:00:02]} 58. Kh1 {[%emt 0:00:04]} Qxf6 {[%emt 0:00:14]} 59. Kg2 {[%emt 0:00:03]} Qf4 {[%emt 0:00:03]} 60. Qf3 {[%emt 0:00:02]} Qd2+ {[%emt 0:00:01]} 61. Qf2 {[%emt 0:00:02]} Qg5 {[%emt 0:00:06]} 62. a5 {[%emt 0:00:13]} Bxg4 {[%emt 0:00:14]} 63. Qg3 {[%emt 0:00:14]} Qd2+ {[%emt 0:00:01]} 64. Qf2 {[%emt 0:00:02]} Qg5 {[%emt 0:00:02]} 65. Kf1 {[%emt 0:00:09]} Qc1+ {[%emt 0:00:04]} 66. Kg2 {[%emt 0:00:10]} Qg5 {[%emt 0:00:02]} 1/2-1/2

[Event "European Online Club-ch-F 2021"]
[Site "Online"]
[Date "2021.03.27"]
[Round "5.19"]
[White "Cantin, Loic"]
[Black "Apaydin, Fethi"]
[Result "0-1"]
[WhiteElo "2182"]
[BlackElo "2260"]
[Annotator "NA"]
[PlyCount "40"]
[EventDate "2021.03.27"]
[EventType "team-tourn"]
[EventCountry "NET"]
[SourceTitle "playchess.com"]
[Source "ChessBase"]
[SourceQuality "1"]
[TimeControl "900+5"]

1. e4 {[%emt 0:00:00]} g6 {[%emt 0:00:23]} 2. d4 {[%emt 0:00:19]} Bg7 {[%emt 0:00:03]} 3. Nc3 {[%emt 0:00:08]} d6 {[%emt 0:00:08]} 4. Be3 {[%emt 0:00:33]} a6 {[%emt 0:00:05]} 5. f4 {[%emt 0:00:45]} b5 {[%emt 0:00:07]} 6. Bd3 {[%emt 0:00:10]} Bb7 {[%emt 0:00:15]} 7. Nf3 {[%emt 0:00:39]} Nf6 {[%emt 0:01:10]} 8. a3 {[%emt 0:01:05]} Nbd7 {[%emt 0:00:58]} 9. h3 {[%emt 0:03:49]} O-O {[%emt 0:00:22]} 10. O-O {[%emt 0:00:13]} c5 {[%emt 0:01:03]} 11. e5 {[%emt 0:01:48]} Nh5 {[%emt 0:00:16]} 12. Be4 {[%emt 0:01:21]} Qc8 {[%emt 0:02:09]} 13. Nd5 {[%emt 0:00:51]} Re8 {[%emt 0:00:10]} 14. Kh2 {[%emt 0:01:51]} cxd4 {[%emt 0:01:29]} 15. Qxd4 {[%emt 0:00:12]} dxe5 {[%emt 0:00:07]} 16. fxe5 {[%emt 0:00:02]} Qb8 {[%emt 0:00:10]} 17. Kg1 {[%emt 0:01:26]} Nxe5 {[%emt 0:00:11]} 18. Qd2 {[%emt 0:00:06]} Ng3 {[%emt 0:00:22]} 19. Nxe5 {[%emt 0:00:10]} Nxe4 {[%emt 0:00:14]} 20. Qd3 {[%emt 0:00:42]} Qxe5 {[%emt 0:00:14]} 0-1

[Event "European Online Club-ch-F 2021"]
[Site "Online"]
[Date "2021.03.27"]
[Round "5.20"]
[White "Camlar, Arda"]
[Black "Saatdjian, Stephane"]
[Result "1-0"]
[WhiteElo "1934"]
[BlackElo "2131"]
[Annotator "NA"]
[PlyCount "115"]
[EventDate "2021.03.27"]
[EventType "team-tourn"]
[EventCountry "NET"]
[SourceTitle "playchess.com"]
[Source "ChessBase"]
[SourceQuality "1"]
[TimeControl "900+5"]

1. g3 {[%emt 0:00:00]} c5 {[%emt 0:00:02]} 2. Bg2 {[%emt 0:00:03]} Nc6 {[%emt 0:00:03]} 3. Nf3 {[%emt 0:00:03]} Nf6 {[%emt 0:00:08]} 4. O-O {[%emt 0:00:03]} g6 {[%emt 0:00:01]} 5. d3 {[%emt 0:00:12]} Bg7 {[%emt 0:00:02]} 6. e4 {[%emt 0:00:05]} d6 {[%emt 0:00:02]} 7. Nbd2 {[%emt 0:00:14]} O-O {[%emt 0:00:02]} 8. c3 {[%emt 0:00:09]} Rb8 {[%emt 0:00:12]} 9. Qe2 {[%emt 0:00:17]} b5 {[%emt 0:00:04]} 10. a4 {[%emt 0:00:50]} b4 {[%emt 0:00:08]} 11. Nc4 {[%emt 0:00:03]} Ba6 {[%emt 0:00:54]} 12. e5 {[%emt 0:00:39]} Nxe5 {[%emt 0:00:47]} 13. Nfxe5 {[%emt 0:00:12]} dxe5 {[%emt 0:00:03]} 14. Nxe5 {[%emt 0:00:02]} Rb6 {[%emt 0:02:00]} 15. c4 {[%emt 0:01:08]} Bb7 {[%emt 0:00:59]} 16. Bxb7 {[%emt 0:00:57]} Rxb7 {[%emt 0:00:03]} 17. Be3 {[%emt 0:00:02]} Qd6 {[%emt 0:01:25]} 18. Nf3 {[%emt 0:01:13]} Rd7 {[%emt 0:01:12]} 19. d4 {[%emt 0:00:38]} cxd4 {[%emt 0:00:37]} 20. Bxd4 {[%emt 0:00:11]} Ne8 {[%emt 0:02:20]} 21. Rad1 {[%emt 0:01:03]} Qc7 {[%emt 0:01:17]} 22. b3 {[%emt 0:00:47]} Bxd4 {[%emt 0:00:41]} 23. Nxd4 {[%emt 0:00:11]} Ng7 {[%emt 0:01:34]} 24. Nc2 {[%emt 0:00:35]} a5 {[%emt 0:00:13]} 25. Ne3 {[%emt 0:00:19]} e6 {[%emt 0:00:10]} 26. Rxd7 {[%emt 0:00:07]} Qxd7 {[%emt 0:00:02]} 27. Rd1 {[%emt 0:00:04]} Qc6 {[%emt 0:00:15]} 28. Ng4 {[%emt 0:00:14]} f6 {[%emt 0:01:01]} 29. Qd3 {[%emt 0:00:40]} h5 {[%emt 0:00:38]} 30. Ne3 {[%emt 0:00:27]} Kh7 {[%emt 0:00:10]} 31. Qd6 {[%emt 0:00:11]} Rc8 {[%emt 0:00:09]} 32. Qxc6 {[%emt 0:00:24]} Rxc6 {[%emt 0:00:01]} 33. Rd7 {[%emt 0:00:08]} Kh6 {[%emt 0:00:03]} 34. Kf1 {[%emt 0:00:22]} g5 {[%emt 0:00:07]} 35. Ra7 {[%emt 0:00:06]} Rc5 {[%emt 0:00:03]} 36. Rb7 {[%emt 0:00:01]} Nf5 {[%emt 0:00:07]} 37. Rb5 {[%emt 0:00:50]} Rxb5 {[%emt 0:00:04]} 38. cxb5 {[%emt 0:00:03]} Nd4 {[%emt 0:00:16]} 39. b6 {[%emt 0:00:07]} Kg6 {[%emt 0:00:05]} 40. b7 {[%emt 0:00:04]} Nc6 {[%emt 0:00:01]} 41. Nc4 {[%emt 0:00:02]} Kf5 {[%emt 0:00:05]} 42. Nxa5 {[%emt 0:00:09]} Nb8 {[%emt 0:00:01]} 43. Nc4 {[%emt 0:00:08]} Ke4 {[%emt 0:00:06]} 44. Ke2 {[%emt 0:00:02]} Kd4 {[%emt 0:00:02]} 45. Kd2 {[%emt 0:00:03]} Kc5 {[%emt 0:00:09]} 46. Kd3 {[%emt 0:00:04]} Kc6 {[%emt 0:00:02]} 47. Kd4 {[%emt 0:00:05]} Kxb7 {[%emt 0:00:04]} 48. Kc5 {[%emt 0:00:01]} Kc7 {[%emt 0:00:01]} 49. Kxb4 {[%emt 0:00:04]} Kc6 {[%emt 0:00:03]} 50. Kc3 {[%emt 0:00:02]} Kd5 {[%emt 0:00:02]} 51. b4 {[%emt 0:00:10]} f5 {[%emt 0:00:01]} 52. a5 {[%emt 0:00:19]} h4 {[%emt 0:00:18]} 53. gxh4 {[%emt 0:00:13]} gxh4 {[%emt 0:00:02]} 54. Ne3+ {[%emt 0:00:21]} Ke4 {[%emt 0:00:19]} 55. b5 {[%emt 0:00:02]} Kf3 {[%emt 0:00:03]} 56. a6 {[%emt 0:00:02]} Nd7 {[%emt 0:00:01]} 57. Nc4 {[%emt 0:00:06]} Kg2 {[%emt 0:00:19]} 58. a7 {[%emt 0:00:03]} 1-0

[Event "European Online Club-ch-F 2021"]
[Site "Online"]
[Date "2021.03.27"]
[Round "6.1"]
[White "Pulkkinen, Kari"]
[Black "Isik, Alparslan"]
[Result "0-1"]
[WhiteElo "2256"]
[BlackElo "2321"]
[Annotator "NA"]
[PlyCount "110"]
[EventDate "2021.03.27"]
[EventType "team-tourn"]
[EventCountry "NET"]
[SourceTitle "playchess.com"]
[Source "ChessBase"]
[SourceQuality "1"]
[TimeControl "900+5"]

1. e4 {[%emt 0:00:00]} c5 {[%emt 0:00:04]} 2. Nf3 {[%emt 0:00:03]} d6 {[%emt 0:00:02]} 3. d4 {[%emt 0:00:02]} cxd4 {[%emt 0:00:02]} 4. Nxd4 {[%emt 0:00:02]} Nf6 {[%emt 0:00:03]} 5. Nc3 {[%emt 0:00:02]} a6 {[%emt 0:00:01]} 6. Be2 {[%emt 0:00:02]} e5 {[%emt 0:00:03]} 7. Nf3 {[%emt 0:00:03]} h6 {[%emt 0:00:07]} 8. a4 {[%emt 0:00:08]} Be6 {[%emt 0:00:05]} 9. Nd2 {[%emt 0:00:09]} Qc7 {[%emt 0:00:04]} 10. O-O {[%emt 0:00:18]} Be7 {[%emt 0:00:05]} 11. a5 {[%emt 0:00:11]} O-O {[%emt 0:00:29]} 12. Ra4 {[%emt 0:00:07]} Nbd7 {[%emt 0:00:44]} 13. f3 {[%emt 0:01:13]} Nc5 {[%emt 0:00:13]} 14. Ra3 {[%emt 0:00:17]} d5 {[%emt 0:00:55]} 15. b4 {[%emt 0:01:16]} dxe4 {[%emt 0:00:12]} 16. fxe4 {[%emt 0:02:21]} Ncd7 {[%emt 0:00:34]} 17. Nd5 {[%emt 0:00:38]} Bxd5 {[%emt 0:01:02]} 18. exd5 {[%emt 0:00:03]} Bxb4 {[%emt 0:00:02]} 19. Rg3 {[%emt 0:00:05]} Nxd5 {[%emt 0:00:19]} 20. Ne4 {[%emt 0:00:08]} Nf4 {[%emt 0:00:05]} 21. Bxf4 {[%emt 0:02:22]} exf4 {[%emt 0:00:04]} 22. Rb3 {[%emt 0:00:11]} Bxa5 {[%emt 0:00:20]} 23. Qd5 {[%emt 0:00:38]} b5 {[%emt 0:02:13]} 24. Qf5 {[%emt 0:02:04]} Qe5 {[%emt 0:02:02]} 25. Rxf4 {[%emt 0:01:35]} Qxf5 {[%emt 0:00:25]} 26. Rxf5 {[%emt 0:00:02]} Rfc8 {[%emt 0:00:14]} 27. Bd3 {[%emt 0:00:09]} Bb6+ {[%emt 0:00:09]} 28. Kf1 {[%emt 0:00:05]} Nc5 {[%emt 0:00:02]} 29. Nxc5 {[%emt 0:00:03]} Rxc5 {[%emt 0:00:04]} 30. Rf3 {[%emt 0:00:37]} Bc7 {[%emt 0:00:37]} 31. g3 {[%emt 0:00:03]} Re8 {[%emt 0:00:05]} 32. Kg2 {[%emt 0:00:20]} Rb8 {[%emt 0:00:38]} 33. Rf1 {[%emt 0:00:07]} a5 {[%emt 0:00:05]} 34. Rfb1 {[%emt 0:00:03]} b4 {[%emt 0:00:02]} 35. Kf3 {[%emt 0:00:11]} Bd6 {[%emt 0:00:03]} 36. Ra1 {[%emt 0:00:03]} Re5 {[%emt 0:00:20]} 37. Rbb1 {[%emt 0:00:06]} Ra8 {[%emt 0:00:06]} 38. Ra4 {[%emt 0:00:04]} Rae8 {[%emt 0:00:02]} 39. Rba1 {[%emt 0:00:06]} Bc7 {[%emt 0:00:02]} 40. Rd1 {[%emt 0:00:06]} R5e6 {[%emt 0:00:10]} 41. Ra2 {[%emt 0:00:06]} Bb6 {[%emt 0:00:06]} 42. Kg2 {[%emt 0:00:06]} g6 {[%emt 0:00:05]} 43. Rf1 {[%emt 0:00:02]} Kg7 {[%emt 0:00:04]} 44. Bc4 {[%emt 0:00:06]} Rf6 {[%emt 0:00:02]} 45. Rxf6 {[%emt 0:00:03]} Kxf6 {[%emt 0:00:01]} 46. Ra1 {[%emt 0:00:01]} Re5 {[%emt 0:00:15]} 47. Rf1+ {[%emt 0:00:06]} Rf5 {[%emt 0:00:01]} 48. Rxf5+ {[%emt 0:00:03]} gxf5 {[%emt 0:00:02]} 49. Bb3 {[%emt 0:00:03]} Ke5 {[%emt 0:00:22]} 50. Kf3 {[%emt 0:00:02]} f6 {[%emt 0:00:04]} 51. Ba4 {[%emt 0:00:07]} Bc7 {[%emt 0:00:05]} 52. Bd7 {[%emt 0:00:11]} Kd4 {[%emt 0:00:03]} 53. h3 {[%emt 0:00:05]} Kc3 {[%emt 0:00:06]} 54. g4 {[%emt 0:00:02]} Kxc2 {[%emt 0:00:06]} 55. Bxf5+ {[%emt 0:00:03]} Kc1 {[%emt 0:00:06]} 0-1